Využitie biopotravín v zariadeniach cestovného ruchu bakalárska práca

Guardado en:
Detalles Bibliográficos
Autor principal: Stankovičová, Romana
Autor Corporativo: Obchodná fakulta EU. Katedra služieb a cestovného ruchu - zrušené
Otros Autores: Gondárová, Jana, 1983-
Formato: Libro
Lenguaje:eslovaco
Publicado: Bratislava 2022
Etiquetas: Agregar Etiqueta
Sin Etiquetas, Sea el primero en etiquetar este registro!

MARC

LEADER 00000nbm a2200000 4500
001 0285858
005 20221205132523.3
041 0 |a slo 
044 |a SK 
245 1 0 |a Využitie biopotravín v zariadeniach cestovného ruchu  |b bakalárska práca  |c Romana Stankovičová ; školiteľ: Jana Gondárová 
264 1 |a Bratislava  |c 2022 
300 |a 41 s. 
100 1 |a Stankovičová, Romana 
700 1 |a Gondárová, Jana, 1983- 
710 2 |a Obchodná fakulta EU. Katedra služieb a cestovného ruchu - zrušené